[Event "?"]
[Site "?"]
[Date "????.??.??"]
[Round "?"]
[White "Völpel, G."]
[Black "Stähle, S."]
[Result "0-1"]
[WhiteElo "2102"]
[BlackElo "1678"]
[PlyCount "70"]
[EventDate "2010.??.??"]

1. e4 c5 2. Nf3 d6 3. d4 cxd4 4. Nxd4 Nf6 5. Nc3 a6 6. a4 e6 7. Be2 Be7 8. O-O
Qc7 9. Be3 Nbd7 10. Nb3 O-O 11. f4 b6 12. Bf3 Bb7 13. Qe1 Rac8 14. Qg3 Rfd8 15.
Rfd1 Nc5 16. Nxc5 dxc5 17. Qf2 Nd7 18. Rab1 c4 19. Kf1 Bc5 20. Bxc5 Nxc5 21.
Qe2 Qxf4 22. Rxd8+ Rxd8 23. Rd1 Rxd1+ 24. Qxd1 h6 25. g3 Qe3 26. Qe2 Qxe2+ 27.
Bxe2 Nxe4 28. Nxe4 Bxe4 29. Bxc4 Bxc2 30. b3 a5 31. Ke2 g5 32. Ke3 Kg7 33. Kd4
Kf6 34. Kc3 Be4 35. b4 Ke5 0-1

[Event "?"]
[Site "?"]
[Date "????.??.??"]
[Round "?"]
[White "Bukacek, E."]
[Black "Kristiansen, E."]
[Result "0-1"]
[WhiteElo "2181"]
[BlackElo "2208"]
[PlyCount "82"]
[EventDate "2010.??.??"]

1. f4 Nf6 2. Nf3 g6 3. g3 Bg7 4. Bg2 d6 5. d3 c5 6. Nc3 Nc6 7. e4 O-O 8. O-O
Rb8 9. a4 a6 10. h3 b5 11. axb5 axb5 12. Be3 Nd7 13. Qd2 b4 14. Nd1 Nd4 15.
Bxd4 cxd4 16. b3 Nc5 17. Nb2 Qc7 18. Nc4 Be6 19. Rfc1 Bxc4 20. bxc4 b3 21. Rcb1
Rb6 22. Rb2 bxc2 23. Rxb6 Qxb6 24. Qxc2 Rb8 25. Bf1 Nxe4 26. Re1 Nxg3 27. Rxe7
Nf5 28. Re4 h6 29. Qa4 Qd8 30. Qc6 Bf6 31. h4 Kg7 32. h5 Ng3 33. Re1 Nxh5 34.
f5 g5 35. Nd2 Qa5 36. Re2 Nf4 37. Rf2 Qxf5 38. Ne4 Qg4+ 39. Kh1 Be5 40. Nxd6
Qe6 41. c5 Bxd6 0-1

[Event "?"]
[Site "?"]
[Date "????.??.??"]
[Round "?"]
[White "Svenske, J."]
[Black "Stuerzenbaum, A."]
[Result "0-1"]
[WhiteElo "1844"]
[BlackElo "2192"]
[PlyCount "78"]
[EventDate "2010.??.??"]

1. c4 g6 2. Nc3 Bg7 3. Nf3 d6 4. g3 Nf6 5. Bg2 O-O 6. d4 Nbd7 7. O-O e5 8. e4
c6 9. h3 Qb6 10. Rb1 exd4 11. Nxd4 Qb4 12. Qb3 a5 13. Be3 Nc5 14. Qc2 a4 15.
Rfd1 Qxc4 16. Bf1 Qb4 17. Nde2 Nfxe4 18. Bd4 Nxc3 19. bxc3 Qa5 20. Bxg7 Kxg7
21. Rb4 d5 22. g4 Qc7 23. Bg2 Ne6 24. Rxa4 Rxa4 25. Qxa4 Qe5 26. Nd4 Nxd4 27.
cxd4 Qe2 28. Bf1 Qe4 29. Qb3 Qf4 30. Qe3 Qxe3 31. fxe3 f5 32. Rb1 fxg4 33. hxg4
Kf6 34. a4 Rf7 35. a5 Kg5 36. Be2 Bxg4 37. Bxg4 Kxg4 38. a6 bxa6 39. Rb6 Kf3
0-1

[Event "?"]
[Site "?"]
[Date "????.??.??"]
[Round "?"]
[White "Teichmeister, S."]
[Black "Olsen, B."]
[Result "1-0"]
[WhiteElo "2092"]
[BlackElo "1694"]
[PlyCount "51"]
[EventDate "2010.??.??"]

1. e4 d6 2. d4 Nf6 3. Nc3 g6 4. Nf3 a6 5. a4 Bg7 6. Be2 O-O 7. O-O Kh8 8. h3
Re8 9. Be3 Nbd7 10. Qd2 Ng8 11. Ng5 Rf8 12. f4 c6 13. f5 Ndf6 14. fxg6 fxg6 15.
e5 dxe5 16. dxe5 Qxd2 17. Bxd2 h6 18. exf6 exf6 19. Nf3 Ne7 20. Bd3 Kh7 21.
Rfe1 Ng8 22. Re2 Bd7 23. Rae1 b5 24. a5 h5 25. Ne4 Ne7 26. Nc5 1-0

[Event "?"]
[Site "?"]
[Date "????.??.??"]
[Round "?"]
[White "Esbensen, H."]
[Black "Titz, H."]
[Result "1-0"]
[WhiteElo "1445"]
[BlackElo "2041"]
[PlyCount "59"]
[EventDate "2010.??.??"]

1. Nf3 d5 2. d4 g6 3. e3 Bg7 4. c4 c6 5. Nc3 Nf6 6. Be2 O-O 7. O-O Nbd7 8. b3
Re8 9. Bb2 e6 10. Rc1 Qe7 11. Qc2 dxc4 12. bxc4 e5 13. dxe5 Ng4 14. e6 fxe6 15.
Ne4 Nde5 16. Nxe5 Nxe5 17. f4 Nd7 18. Rcd1 e5 19. c5 Nf8 20. fxe5 Bf5 21. Bc4+
Kh8 22. e6 Nxe6 23. Bxe6 Qxe6 24. Bxg7+ Kxg7 25. Qb2+ Kh6 26. Nd6 Re7 27. e4
Bxe4 28. Rf4 Bd5 29. Rdf1 Qe2 30. Nf5+ 1-0

[Event "?"]
[Site "?"]
[Date "????.??.??"]
[Round "?"]
[White "Bisse, V."]
[Black "Dickhoff, R."]
[Result "0-1"]
[WhiteElo "1930"]
[BlackElo "2123"]
[PlyCount "93"]
[EventDate "2010.??.??"]

1. e4 e5 2. Nf3 Nc6 3. Bc4 Nf6 4. Nc3 Be7 5. d4 exd4 6. Nxd4 O-O 7. Be3 Bb4 8.
O-O Bxc3 9. bxc3 Nxe4 10. Qe1 d5 11. Nxc6 bxc6 12. Bd3 Re8 13. f3 Nd6 14. Qf2
a5 15. Bd4 Bf5 16. Qg3 f6 17. Rfe1 Bxd3 18. cxd3 Nf5 19. Qf2 Qd7 20. Bc5 Rab8
21. Rab1 Rb5 22. a4 Rxe1+ 23. Rxe1 Rb3 24. Qc2 Rb8 25. Qe2 Kf7 26. Kf2 Re8 27.
Qd2 Nd6 28. g4 Nb7 29. Be3 c5 30. Qb2 Qc6 31. Rb1 Nd6 32. Qa2 c4 33. d4 f5 34.
h3 Qd7 35. Bf4 fxg4 36. hxg4 Qe6 37. Qc2 Kg8 38. Rh1 h6 39. Qd2 Qf6 40. Be5
Ne4+ 41. Kg2 Nxd2 42. Bxf6 Re2+ 43. Kg3 gxf6 44. Rxh6 Kg7 45. g5 Re6 46. Kg4
Rb6 47. gxf6+ 0-1

[Event "?"]
[Site "?"]
[Date "????.??.??"]
[Round "?"]
[White "Lindner, J."]
[Black "Kanibalotzka, E."]
[Result "1/2-1/2"]
[WhiteElo "2174"]
[BlackElo "1826"]
[PlyCount "45"]
[EventDate "2010.??.??"]

1. f4 g6 2. Nf3 Bg7 3. e4 d6 4. Nc3 Nf6 5. Be2 O-O 6. O-O c6 7. Kh1 Bg4 8. d3
Nbd7 9. h3 Bxf3 10. Bxf3 Qc7 11. Qe1 e5 12. Qg3 exf4 13. Bxf4 Ne5 14. d4 Nxf3
15. Qxf3 Nh5 16. Ne2 Nxf4 17. Qxf4 Rac8 18. c3 f5 19. exf5 Rxf5 20. Qg4 Rcf8
21. Rxf5 Rxf5 22. Ng3 Rf7 23. Re1 1/2-1/2

[Event "?"]
[Site "?"]
[Date "????.??.??"]
[Round "?"]
[White "Rühle, H."]
[Black "Monte, P."]
[Result "1-0"]
[WhiteElo "1639"]
[BlackElo "2102"]
[PlyCount "63"]
[EventDate "2010.??.??"]

1. d4 e6 2. c4 f5 3. Nf3 Nf6 4. Nc3 Bb4 5. Bd2 O-O 6. Qb3 c5 7. g3 b6 8. Bg2
Bb7 9. dxc5 Bxc5 10. O-O Nc6 11. Qc2 Rc8 12. Rad1 d5 13. Bg5 Ne7 14. Qb1 Ne4
15. Nxe4 fxe4 16. Nd2 Qe8 17. b4 Qg6 18. bxc5 Qxg5 19. cxb6 e3 20. f4 Qf5 21.
bxa7 Ba8 22. Nf3 dxc4 23. Rd7 Qc5 24. Nd4 Bxg2 25. Kxg2 Nf5 26. Qb7 c3 27. Nxe6
Qc4 28. Rxg7+ Kh8 29. Rxh7+ Kg8 30. Nxf8 Qxe2+ 31. Kg1 Rxf8 32. a8=Q 1-0

[Event "?"]
[Site "?"]
[Date "????.??.??"]
[Round "?"]
[White "Jones, I."]
[Black "Flockhart, H."]
[Result "1-0"]
[WhiteElo "2290"]
[BlackElo "1871"]
[PlyCount "61"]
[EventDate "2010.??.??"]

1. c4 e5 2. Nc3 Nf6 3. g3 d5 4. cxd5 Nxd5 5. Bg2 Ne7 6. Nf3 Nbc6 7. O-O g6 8.
d3 Bg7 9. Bg5 h6 10. Bd2 O-O 11. Rc1 Nd4 12. Nxd4 exd4 13. Na4 c6 14. Qb3 Nd5
15. Rfe1 Kh7 16. a3 Rb8 17. Qc2 Qe7 18. Bxd5 cxd5 19. Bb4 Qe8 20. Bxf8 Bxf8 21.
Nc5 b6 22. Nb3 Bg7 23. Nd2 Bf8 24. Qc6 Qxc6 25. Rxc6 Rb7 26. Rec1 Re7 27. Kf1
Bh3+ 28. Ke1 Bg4 29. f3 Bxf3 30. Rc7 Re8 31. Kf2 1-0

[Event "?"]
[Site "?"]
[Date "????.??.??"]
[Round "?"]
[White "Murphy, G."]
[Black "Bennett, P."]
[Result "1/2-1/2"]
[WhiteElo "1685"]
[BlackElo "2087"]
[PlyCount "43"]
[EventDate "2010.??.??"]

1. Nf3 Nf6 2. c4 g6 3. g3 Bg7 4. Bg2 O-O 5. O-O d6 6. d3 e5 7. Nc3 c6 8. Rb1 a5
9. b3 Bf5 10. e4 Bg4 11. h3 Bxf3 12. Bxf3 Na6 13. Bg2 Nc5 14. Be3 Ne6 15. Qd2
Nh5 16. Ne2 f5 17. f4 exf4 18. gxf4 Qe7 19. exf5 Rxf5 20. Be4 Rff8 21. f5 gxf5
22. Rxf5 1/2-1/2

[Event "?"]
[Site "?"]
[Date "????.??.??"]
[Round "?"]
[White "Macrae, J."]
[Black "Taylor, R."]
[Result "0-1"]
[WhiteElo "1753"]
[BlackElo "2027"]
[PlyCount "20"]
[EventDate "2010.??.??"]

1. d4 Nf6 2. Nf3 g6 3. Ng5 Bg7 4. Nd2 d5 5. e3 O-O 6. Bd3 Nbd7 7. O-O c5 8. c3
b6 9. e4 dxe4 10. Ngxe4 Bb7 0-1

[Event "?"]
[Site "?"]
[Date "????.??.??"]
[Round "?"]
[White "Dahl, I."]
[Black "Van Geffen, B."]
[Result "1/2-1/2"]
[WhiteElo "1949"]
[BlackElo "2174"]
[PlyCount "103"]
[EventDate "2010.??.??"]

1. Nf3 c5 2. c4 Nf6 3. b3 g6 4. Bb2 Bg7 5. e3 O-O 6. Be2 Nc6 7. O-O d5 8. cxd5
Nxd5 9. Bxg7 Kxg7 10. d4 cxd4 11. Nxd4 Ndb4 12. Nxc6 Nxc6 13. Nc3 Qa5 14. Qc1
Be6 15. Qb2 Qe5 16. Na4 Rac8 17. Bf3 b5 18. Bxc6 Qxb2 19. Nxb2 Rxc6 20. Rfc1
Rfc8 21. Rxc6 Rxc6 22. Nd3 Rc3 23. Nf4 Kf6 24. Ne2 Rc5 25. b4 Rc2 26. Nd4 Rxa2
27. Rxa2 Bxa2 28. Nxb5 a6 29. Nc3 Bc4 30. f4 h6 31. Kf2 e5 32. g3 Ke6 33. Kf3
Bd5+ 34. Ke2 Bc4+ 35. Kd2 Kd6 36. Kc2 Ke6 37. Kc1 Kd6 38. Kb2 Ke6 39. Ka3 Bb5
40. Kb3 Kd6 41. Kc2 Bc4 42. Kd2 Ke6 43. Ke1 Kd6 44. Kf2 Ke6 45. Kg2 Kf6 46. Kf3
Ke6 47. Na4 Bb5 48. Nc3 Bc6+ 49. Kf2 Kd6 50. Ke1 Bb5 51. Kd2 Bc4 52. Kc1
1/2-1/2

[Event "?"]
[Site "?"]
[Date "????.??.??"]
[Round "?"]
[White "Van Oosten, A."]
[Black "Lerstad, B."]
[Result "1-0"]
[WhiteElo "2141"]
[BlackElo "1825"]
[PlyCount "68"]
[EventDate "2010.??.??"]

1. e4 e6 2. d4 d5 3. Nd2 c5 4. exd5 Qxd5 5. Ngf3 Nf6 6. Bc4 Qd8 7. dxc5 Bxc5 8.
O-O O-O 9. Qe2 Nc6 10. Nb3 Be7 11. Bf4 Nh5 12. Be3 Qc7 13. g3 g6 14. Bh6 Re8
15. Nbd2 a6 16. a4 Bd7 17. Ne4 Ne5 18. Bb3 Bc6 19. Nd4 Bxe4 20. Qxe4 Bd6 21.
Rad1 Rad8 22. Bg5 Rc8 23. Rfe1 Ng7 24. Re2 Nc4 25. c3 Bf8 26. Nf3 Nf5 27. Ne5
Nfd6 28. Qf4 Nxe5 29. Qxe5 Qb6 30. Ba2 Nc4 31. Qf4 Nd6 32. Red2 Nf5 33. g4 Ne7
34. Rd7 Qxb2 1-0

[Event "?"]
[Site "?"]
[Date "????.??.??"]
[Round "?"]
[White "Carlsten, P."]
[Black "Bjorgvik, J."]
[Result "1-0"]
[WhiteElo "2133"]
[BlackElo "1921"]
[PlyCount "91"]
[EventDate "2010.??.??"]

1. e4 c6 2. d4 d5 3. exd5 cxd5 4. Bd3 Nf6 5. c3 Nc6 6. Bf4 e6 7. Nf3 Bd6 8.
Bxd6 Qxd6 9. O-O O-O 10. Re1 Re8 11. Ne5 Nd7 12. Bxh7+ Kf8 13. Qh5 Ndxe5 14.
dxe5 Qc7 15. Bd3 Ke7 16. Qg5+ Kf8 17. Re3 Qd8 18. Qh5 Ke7 19. Rf3 f5 20. exf6+
gxf6 21. Qh4 Rf8 22. Nd2 Ne5 23. Qb4+ Qd6 24. Qxd6+ Kxd6 25. Rg3 Nxd3 26. Rxd3
Bd7 27. c4 Bc6 28. cxd5 exd5 29. Nf3 Rae8 30. Nd4 f5 31. h4 Re4 32. g3 f4 33.
Rad1 Rfe8 34. Kg2 a6 35. Kf3 fxg3 36. fxg3 Bd7 37. Kg2 Rf8 38. R1d2 Bg4 39. Nf3
Rf5 40. Nh2 Be2 41. Rb3 b5 42. Nf3 Bc4 43. Rc3 b4 44. Rc1 Bxa2 45. Nd4 Rf6 46.
b3 1-0

[Event "?"]
[Site "?"]
[Date "????.??.??"]
[Round "?"]
[White "Gabrielsen, O."]
[Black "Wahlund, B."]
[Result "0-1"]
[WhiteElo "1788"]
[BlackElo "2095"]
[PlyCount "46"]
[EventDate "2010.??.??"]

1. e4 e5 2. f4 Nc6 3. Nf3 f5 4. Nc3 fxe4 5. Nxe5 Nf6 6. d4 Bb4 7. d5 Ne7 8. Bc4
d6 9. Bb5+ Kf8 10. Nc4 a6 11. Bxa6 Rxa6 12. Ne3 Nf5 13. O-O Bc5 14. Qe1 Ng4 15.
Ncd1 c6 16. dxc6 Qb6 17. cxb7 Bxb7 18. Kh1 Ngxe3 19. g4 Nxf1 20. gxf5 e3+ 21.
Kg1 e2+ 22. Nf2 Qc6 23. Qxf1 Qh1# 0-1

[Event "?"]
[Site "?"]
[Date "????.??.??"]
[Round "?"]
[White "Wademark, H."]
[Black "Haugvik, B."]
[Result "1-0"]
[WhiteElo "2083"]
[BlackElo "1752"]
[PlyCount "93"]
[EventDate "2010.??.??"]

1. e4 e5 2. Nf3 Nf6 3. Nc3 Nc6 4. Bb5 d6 5. d4 exd4 6. Nxd4 Bd7 7. O-O Be7 8.
f4 O-O 9. Nxc6 Bxc6 10. Bxc6 bxc6 11. Qd3 Nd7 12. Be3 a5 13. Rad1 Nf6 14. Kh1
Qc8 15. Bd4 Qb7 16. b3 Rad8 17. Ne2 c5 18. Bxf6 Bxf6 19. Ng3 g6 20. a4 c6 21.
Qf3 d5 22. exd5 cxd5 23. c4 Bd4 24. Ne2 Rb8 25. Nxd4 cxd4 26. cxd5 Qxb3 27.
Qxb3 Rxb3 28. Rxd4 Rd8 29. g3 Rd6 30. Kg2 Kg7 31. Rf2 Rc3 32. Rb2 Rc5 33. Rb5
Rxb5 34. axb5 Kf6 35. Kf3 Ke7 36. Ra4 Rxd5 37. Rxa5 Rd7 38. b6 Ke6 39. Rb5 Rb7
40. Ke4 Kd6 41. Kd4 Kc6 42. Rb2 f6 43. Kc4 h5 44. h4 Rb8 45. b7 Kd6 46. Rb6+
Kc7 47. Kc5 1-0

[Event "?"]
[Site "?"]
[Date "????.??.??"]
[Round "?"]
[White "Lovaas, T."]
[Black "Andersson, S."]
[Result "1-0"]
[WhiteElo "1394"]
[BlackElo "2068"]
[PlyCount "57"]
[EventDate "2010.??.??"]

1. f4 c5 2. b3 Nf6 3. e3 g6 4. Bb2 Bg7 5. Nf3 O-O 6. Be2 Nc6 7. O-O d5 8. Bb5
Bg4 9. h3 Bd7 10. d3 Qb6 11. c4 Rad8 12. Nc3 dxc4 13. Bxc4 a6 14. Rc1 Qa7 15.
a4 Na5 16. Qe2 Nxc4 17. dxc4 Qb6 18. Ba3 Bc6 19. Ne5 Ne4 20. Nxc6 Nxc3 21.
Nxe7+ Kh8 22. Qc2 Rfe8 23. Nd5 Rxd5 24. cxd5 Rxe3 25. Kh1 Bd4 26. Rfe1 Nxd5 27.
Rxe3 Nxe3 28. Bxc5 Qc6 29. Bxd4+ 1-0

[Event "?"]
[Site "?"]
[Date "????.??.??"]
[Round "?"]
[White "Micheel, P."]
[Black "Gunnarsson, G."]
[Result "0-1"]
[WhiteElo "1943"]
[BlackElo "2231"]
[PlyCount "92"]
[EventDate "2010.??.??"]

1. e4 c5 2. Nf3 d6 3. c3 Nf6 4. Be2 Nc6 5. Qc2 e5 6. O-O Be7 7. d4 cxd4 8. cxd4
exd4 9. Nbd2 Bg4 10. Qa4 O-O 11. Re1 Qb6 12. Bb5 Nd7 13. Bxc6 bxc6 14. Qxd4 c5
15. Qd3 Be6 16. b3 Bf6 17. Rb1 a5 18. Bb2 Bxb2 19. Rxb2 a4 20. Nc4 Qa6 21. Ng5
axb3 22. axb3 Bxc4 23. Qxc4 Qxc4 24. bxc4 Ne5 25. Rc2 Ra4 26. Rec1 Rb8 27. h3
Rbb4 28. Nf3 Nxc4 29. Nd2 Ne5 30. f3 Kf8 31. Nf1 Rb3 32. Nd2 Rbb4 33. Nf1 Ra3
34. Rd1 Ke7 35. Rcd2 Nc4 36. Rc2 Rab3 37. Ra2 Ke6 38. Kh2 Na3 39. Rc1 Nb5 40.
Kg3 Nd4 41. Nd2 Rb2 42. Rxb2 Rxb2 43. Nc4 Rb4 44. Ne3 Rb7 45. Ra1 g6 46. Nd5
Ke5 0-1

[Event "?"]
[Site "?"]
[Date "????.??.??"]
[Round "?"]
[White "Finnlaugsson, G."]
[Black "Dötzel, H."]
[Result "1/2-1/2"]
[WhiteElo "2121"]
[BlackElo "1845"]
[PlyCount "77"]
[EventDate "2010.??.??"]

1. e4 e5 2. Nf3 Nc6 3. Bb5 a6 4. Ba4 Nf6 5. O-O b5 6. Bb3 Be7 7. Re1 d6 8. c3
O-O 9. h3 Na5 10. Bc2 c5 11. d4 Qc7 12. Nbd2 Bd7 13. Nf1 cxd4 14. cxd4 Rac8 15.
Re2 h6 16. Ng3 Nc6 17. Be3 Nb4 18. Bb3 a5 19. a3 Na6 20. Qd2 Be6 21. Bxe6 fxe6
22. dxe5 dxe5 23. Qe1 b4 24. Qd1 Kh7 25. Qb3 Nc5 26. Bxc5 Bxc5 27. Qxe6 Rce8
28. Qb3 Qc6 29. axb4 Bxb4 30. Kh2 Qc7 31. Rd1 Rc8 32. Nh4 Rfe8 33. Qf3 Rf8 34.
Qf5+ Kg8 35. Qe6+ Rf7 36. Nhf5 Re8 37. Qb3 Kh7 38. Rc2 Qa7 39. Ne3 1/2-1/2

[Event "?"]
[Site "?"]
[Date "????.??.??"]
[Round "?"]
[White "Waldmann, D."]
[Black "Gunnarsson, M."]
[Result "0-1"]
[WhiteElo "1557"]
[BlackElo "2107"]
[PlyCount "49"]
[EventDate "2010.??.??"]

1. e4 e5 2. Nf3 Nc6 3. Bb5 Bc5 4. O-O Nge7 5. c3 Bb6 6. d4 exd4 7. cxd4 d5 8.
e5 Bg4 9. Bg5 h6 10. Bh4 O-O 11. Bxc6 bxc6 12. b4 g5 13. Bg3 Nf5 14. Nbd2 Bxd4
15. Nxd4 Bxd1 16. Nxf5 Bh5 17. f4 Kh7 18. Nf3 a5 19. fxg5 hxg5 20. N5d4 Qd7 21.
Rac1 Bg6 22. Rxc6 axb4 23. e6 fxe6 24. Rxc7 Qxc7 25. Bxc7 0-1

[Event "?"]
[Site "?"]
[Date "????.??.??"]
[Round "?"]
[White "Jonsson, I."]
[Black "Müller, H."]
[Result "1/2-1/2"]
[WhiteElo "1915"]
[BlackElo "1421"]
[PlyCount "51"]
[EventDate "2010.??.??"]

1. Nf3 Nc6 2. d4 d5 3. c4 Bg4 4. cxd5 Bxf3 5. exf3 Qxd5 6. Be3 e5 7. Nc3 Bb4 8.
dxe5 Qxe5 9. Rc1 Rd8 10. Qc2 Nf6 11. Bc4 O-O 12. O-O Bxc3 13. Qxc3 Qxc3 14.
Rxc3 Ne5 15. Bb3 Nc6 16. Bg5 Rd6 17. Re1 h6 18. Bf4 Rd7 19. Kf1 Rfd8 20. Rcc1
Nd4 21. Rxc7 Nxb3 22. Rxd7 Rxd7 23. axb3 Kf8 24. h4 Rd3 25. Re3 Rd7 26. Be5
1/2-1/2

[Event "?"]
[Site "?"]
[Date "????.??.??"]
[Round "?"]
[White "Mann, D."]
[Black "Wiemer, J."]
[Result "0-1"]
[WhiteElo "1740"]
[BlackElo "2136"]
[PlyCount "70"]
[EventDate "2010.??.??"]

1. e4 e5 2. Nf3 Nc6 3. Bb5 a6 4. Ba4 Nf6 5. O-O b5 6. Bb3 Be7 7. Re1 O-O 8. c3
d5 9. exd5 Nxd5 10. d4 exd4 11. Nxd4 Nxd4 12. Qxd4 Be6 13. Nd2 c5 14. Qe4 Nf6
15. Qe2 c4 16. Bc2 Re8 17. Ne4 Qc7 18. Qf3 Bd5 19. Bf4 Qc6 20. Nxf6+ Bxf6 21.
Qh3 g6 22. Qg3 a5 23. f3 b4 24. Bd2 a4 25. Rxe8+ Rxe8 26. Re1 b3 27. axb3 cxb3
28. Bb1 a3 29. bxa3 Rxe1+ 30. Qxe1 Qc5+ 31. Kh1 Qxa3 32. Bh6 Be6 33. c4 b2 34.
f4 Qe7 35. Qe4 Bf5 0-1

[Event "?"]
[Site "?"]
[Date "????.??.??"]
[Round "?"]
[White "Krüger, G."]
[Black "Lauterbach, E."]
[Result "1-0"]
[WhiteElo "2019"]
[BlackElo "1715"]
[PlyCount "91"]
[EventDate "2010.??.??"]

1. e4 d5 2. exd5 Qxd5 3. Nc3 Qa5 4. d4 c6 5. h3 Bf5 6. Nf3 e6 7. Bd3 Bxd3 8.
Qxd3 Nf6 9. O-O Bd6 10. Re1 Nbd7 11. Bd2 Qc7 12. Ng5 O-O 13. Nge4 Nxe4 14. Nxe4
Be7 15. Qf3 Qd8 16. Qg3 Bh4 17. Qf4 f5 18. Bb4 fxe4 19. Bxf8 Nxf8 20. Rxe4 Ng6
21. Qg4 Qf6 22. g3 Rf8 23. gxh4 Qxf2+ 24. Kh1 Nf4 25. Rg1 Rf7 26. Qg3 Qd2 27.
Qe3 Qxe3 28. Rxe3 Rf5 29. Rg5 Rf6 30. Rf3 h6 31. Rg4 Nd5 32. Rxf6 Nxf6 33. Rf4
Nd5 34. Rf2 Nf6 35. Kg2 Kf7 36. c4 Ke7 37. Kf3 Nd7 38. Ke4 Nf6+ 39. Ke3 Kf7 40.
Kf4 Ke7 41. Rg2 Nh5+ 42. Ke5 Kf7 43. Kd6 Nf4 44. Rf2 g5 45. hxg5 hxg5 46. h4
1-0

[Event "?"]
[Site "?"]
[Date "????.??.??"]
[Round "?"]
[White "Weiß, H."]
[Black "Schroeder, C."]
[Result "0-1"]
[WhiteElo "1642"]
[BlackElo "2071"]
[PlyCount "57"]
[EventDate "2010.??.??"]

1. f4 d5 2. Nf3 c5 3. d4 cxd4 4. Nxd4 Nf6 5. e3 e6 6. Be2 Ne4 7. Nf3 Bc5 8. c3
O-O 9. O-O a6 10. Bd3 f5 11. Qe2 Nd7 12. Nbd2 Nxd2 13. Bxd2 Nf6 14. Ne5 Bd7 15.
b4 Ba7 16. a4 Be8 17. a5 Rc8 18. Rac1 Bh5 19. Qf2 Ne4 20. Bxe4 fxe4 21. g4 Be8
22. Qg3 Bb5 23. Rfe1 Bb8 24. Kg2 Bxe5 25. fxe5 Rf3 26. Qxf3 exf3+ 27. Kxf3 Qh4
28. Rg1 Rf8+ 29. Kg2 0-1

[Event "?"]
[Site "?"]
[Date "????.??.??"]
[Round "?"]
[White "Watzka, H."]
[Black "Tseshkovsky, V."]
[Result "1-0"]
[WhiteElo "2296"]
[BlackElo "2554"]
[PlyCount "117"]
[EventDate "2010.??.??"]
[WhiteTeam "Steiermark"]
[BlackTeam "Russland"]
[BlackTeamCountry "RUS"]

1. e4 c5 2. Nf3 e6 3. c4 Nc6 4. Nc3 e5 5. d3 d6 6. a3 a5 7. Be2 Nge7 8. Nd5
Nxd5 9. cxd5 Nb8 10. O-O Be7 11. Nd2 O-O 12. Bg4 Bxg4 13. Qxg4 a4 14. Nc4 Kh8
15. f4 Nd7 16. fxe5 Nxe5 17. Nxe5 dxe5 18. Rf3 Ra6 19. Bd2 Rg6 20. Qf5 Bg5 21.
Bc3 Bf6 22. Raf1 Qe7 23. Bd2 Kg8 24. Kh1 b5 25. g3 Qd6 26. h4 Be7 27. Bc3 Qd8
28. Bxe5 Bd6 29. Kh2 b4 30. Bxd6 Rxd6 31. Qf4 Rb6 32. Rc1 bxa3 33. bxa3 Rb2+
34. Rf2 Rb5 35. Rc4 Qa5 36. e5 Rb1 37. Rxa4 Qd8 38. d6 Qd7 39. Re4 Re8 40. Qf3
Qb7 41. Re3 h5 42. Qxb7 Rxb7 43. Rc2 Ra8 44. Kg2 Kh7 45. Rxc5 Rxa3 46. Kf3 Kg6
47. Ke4 Rba7 48. d4 Ra1 49. Rec3 Re1+ 50. Kd5 Rd1 51. Rc7 Ra5+ 52. R7c5 Ra7 53.
Rc7 Ra5+ 54. R3c5 Ra4 55. Rc4 Ra5+ 56. Kc6 Ra6+ 57. Kd7 Rb1 58. Ke7 Rbb6 59. d5
1-0

[Event "?"]
[Site "?"]
[Date "????.??.??"]
[Round "?"]
[White "Vasiukov, E."]
[Black "Nickl, K."]
[Result "1-0"]
[WhiteElo "2469"]
[BlackElo "2183"]
[PlyCount "71"]
[EventDate "2010.??.??"]
[WhiteTeam "Russland"]
[BlackTeam "Steiermark"]
[WhiteTeamCountry "RUS"]

1. e4 e5 2. Nf3 Nc6 3. Bb5 a6 4. Ba4 Nf6 5. O-O Be7 6. Re1 d6 7. c3 b5 8. Bc2
O-O 9. d4 Bg4 10. d5 Nb8 11. h3 Bxf3 12. Qxf3 Nbd7 13. a4 Nc5 14. axb5 axb5 15.
Rxa8 Qxa8 16. Na3 c6 17. b4 Na6 18. dxc6 Qxc6 19. Bb3 Nc7 20. Qd3 h6 21. Nc2
Re8 22. Bd2 Bf8 23. Na3 Ra8 24. Nc2 Re8 25. Na3 Ra8 26. Bc1 d5 27. exd5 Nfxd5
28. Nxb5 Nxb4 29. cxb4 Bxb4 30. Nxc7 Bxe1 31. Nxa8 Qxc1 32. g3 Ba5+ 33. Kg2 Qe1
34. Qf5 Qc3 35. Bxf7+ Kh8 36. Qe6 1-0

[Event "?"]
[Site "?"]
[Date "????.??.??"]
[Round "?"]
[White "Kratschmer, H."]
[Black "Pushkov, N."]
[Result "0-1"]
[WhiteElo "2160"]
[BlackElo "2468"]
[PlyCount "98"]
[EventDate "2010.??.??"]
[WhiteTeam "Steiermark"]
[BlackTeam "Russland"]
[BlackTeamCountry "RUS"]

1. d4 Nf6 2. Nf3 e6 3. Bg5 d5 4. e3 Be7 5. Bd3 Nbd7 6. O-O h6 7. Bh4 O-O 8.
Nbd2 b6 9. Ne5 Nxe5 10. dxe5 Nd7 11. Bxe7 Qxe7 12. f4 f6 13. exf6 Qxf6 14. c3
Nc5 15. Nf3 a5 16. Rf2 Nxd3 17. Qxd3 Bd7 18. Ne5 Be8 19. Raf1 c5 20. b3 b5 21.
a3 c4 22. bxc4 bxc4 23. Qd4 Qe7 24. f5 Rb8 25. fxe6 Rxf2 26. Rxf2 Qxe6 27. Rd2
Rb1+ 28. Kf2 Bf7 29. Kg3 Rb3 30. Ra2 Bg6 31. Nxg6 Qxg6+ 32. Kf2 Qf5+ 33. Ke2
Rb1 34. Qf4 Qd3+ 35. Kf3 Qxc3 36. Qf5 Rf1+ 37. Rf2 Rxf2+ 38. Kxf2 Qf6 39. e4
Qxf5+ 40. exf5 Kf7 41. Ke3 Kf6 42. g4 Ke5 43. h4 d4+ 44. Kf3 c3 45. Ke2 Kf4 46.
g5 hxg5 47. f6 gxf6 48. h5 Kf5 49. Kd3 g4 0-1

[Event "?"]
[Site "?"]
[Date "????.??.??"]
[Round "?"]
[White "Petrushin, A."]
[Black "Pitzl, K."]
[Result "1-0"]
[WhiteElo "2465"]
[BlackElo "2108"]
[PlyCount "53"]
[EventDate "2010.??.??"]
[WhiteTeam "Russland"]
[BlackTeam "Steiermark"]
[WhiteTeamCountry "RUS"]

1. e4 d6 2. d4 Nf6 3. Nc3 g6 4. f4 Bg7 5. Nf3 O-O 6. Bd3 c5 7. dxc5 dxc5 8. O-O
Nc6 9. a3 Bg4 10. h3 Bc8 11. Be3 Nd4 12. Qe1 Nxf3+ 13. Rxf3 b6 14. Rd1 Bb7 15.
Rf2 Qc8 16. e5 Ne8 17. Rfd2 Nc7 18. Qh4 e6 19. Ne4 Bxe4 20. Bxe4 Rb8 21. c4 f6
22. Rd7 Nd5 23. Rxg7+ Kxg7 24. cxd5 exd5 25. Rxd5 f5 26. Bd3 Rb7 27. Ba6 1-0

[Event "?"]
[Site "?"]
[Date "????.??.??"]
[Round "?"]
[White "Limberg, S."]
[Black "Lechtynsky, J."]
[Result "0-1"]
[WhiteElo "2152"]
[BlackElo "2393"]
[PlyCount "66"]
[EventDate "2010.??.??"]
[WhiteTeam "Hessen 2"]
[BlackTeam "Tschechien"]
[BlackTeamCountry "CZE"]

1. d4 Nf6 2. Nf3 c5 3. e3 d5 4. c3 e6 5. Bd3 Nc6 6. Nbd2 Be7 7. O-O O-O 8. Re1
b6 9. dxc5 Bxc5 10. e4 Ng4 11. Rf1 Nce5 12. Nxe5 Nxe5 13. Be2 Bb7 14. b4 Be7
15. f4 Ng6 16. exd5 Bxd5 17. Nb3 Rc8 18. Bb2 Bf6 19. Rc1 Qc7 20. Qd2 Rfd8 21.
Qe3 Ne7 22. g4 Bc4 23. g5 Nf5 24. Qf3 Be7 25. Bxc4 Qxc4 26. Rcd1 a5 27. bxa5
bxa5 28. Kh1 a4 29. Nd4 Nxd4 30. Rxd4 Rxd4 31. cxd4 Qxa2 32. Qb7 Rc2 33. Qxe7
Qd5+ 0-1

[Event "?"]
[Site "?"]
[Date "????.??.??"]
[Round "?"]
[White "Pribyl, J."]
[Black "Thieme, H."]
[Result "1-0"]
[WhiteElo "2344"]
[BlackElo "2128"]
[PlyCount "119"]
[EventDate "2010.??.??"]
[WhiteTeam "Tschechien"]
[BlackTeam "Hessen 2"]
[WhiteTeamCountry "CZE"]

1. Nf3 c5 2. c4 Nf6 3. g3 b6 4. Bg2 Bb7 5. b3 e6 6. Bb2 Be7 7. O-O d6 8. Nc3 a6
9. d4 cxd4 10. Nxd4 Bxg2 11. Kxg2 Qc7 12. e3 Nbd7 13. Qf3 Rc8 14. Rfd1 O-O 15.
Rac1 Rfd8 16. e4 Qb7 17. Qe2 Bf8 18. f3 Re8 19. Rc2 g6 20. Qf2 Rcd8 21. Rcd2
Bh6 22. Re2 Bf8 23. Qe1 Rc8 24. Qd2 Red8 25. Qe3 Re8 26. Red2 Ra8 27. a4 Rac8
28. Nde2 Red8 29. Ba3 Nc5 30. Nc1 Qc7 31. Bb2 Ncd7 32. Nd3 Re8 33. Re2 Ne5 34.
Red2 Ned7 35. Ne2 Qb7 36. h3 b5 37. cxb5 axb5 38. a5 Ra8 39. Ra1 e5 40. Nb4 Nc5
41. g4 Na6 42. Nxa6 Rxa6 43. Nc3 Rea8 44. b4 Rc8 45. Rad1 Rac6 46. g5 Nh5 47.
Nd5 Rc2 48. Rxc2 Rxc2+ 49. Rd2 Rc4 50. Qb6 Qc6 51. Qxc6 Rxc6 52. Kf2 Nf4 53.
Nxf4 exf4 54. Bf6 Rc4 55. a6 Rc6 56. Ra2 Rc8 57. a7 Ra8 58. Ra5 d5 59. Bd4 Bd6
60. e5 1-0